Statistiken für Die größten Städte der Welt

Klicken Sie hier um das Quiz zu spielen!

Allgemein

  • Dieses Quiz wurde 3,516 mal gespielt
  • Das Durchschnittsergebnis liegt bei 24 aus 50

Antwortstatistiken

Bevölkerung Agglomeration % Korrekt
22,2 Mio.New York City
97%
39,8 Mio.Tokio
94%
14,5 Mio.London
91%
11,3 Mio.Paris
90%
17,1 Mio.Moskau
90%
20,7 Mio.Peking
90%
17,7 Mio.Los Angeles
87%
22,3 Mio.Mexiko-Stadt
80%
31,1 Mio.Shanghai
78%
12,7 Mio.Rio de Janeiro
77%
17,1 Mio.Kairo
71%
14,6 Mio.Istanbul
69%
23,6 Mio.Mumbai
67%
21,9 Mio.São Paulo
66%
16,0 Mio.Buenos Aires
64%
9,80 Mio.Chicago
63%
28,9 Mio.Jakarta
63%
24,8 Mio.Seoul
59%
27,2 Mio.Delhi
59%
17,4 Mio.Bangkok
57%
13,1 Mio.Johannesburg
53%
7,70 Mio.San Francisco
51%
8,45 Mio.Washington, DC
50%
14,0 Mio.Teheran
50%
24,1 Mio.Manila
50%
9,50 Mio.Bogotá
47%
10,1 Mio.Lima
47%
17,6 Mio.Lagos
47%
17,8 Mio.Osaka
45%
16,2 Mio.Kalkutta
44%
48,6 Mio.Guangzhou
43%
17,9 Mio.Dhaka
39%
7,55 Mio.Boston
33%
10,9 Mio.Kinshasa
33%
9,05 Mio.Taipeh
33%
25,1 Mio.Karatschi
30%
8,30 Mio.Ho-Chi-Minh-Stadt
28%
10,8 Mio.Bangalore
27%
10,3 Mio.Chennai
22%
10,5 Mio.Lahore
22%
11,8 Mio.Tianjin
19%
9,75 Mio.Chengdu
19%
9,20 Mio.Hyderabad
18%
8,10 Mio.Wuhan
17%
10,5 Mio.Nagoya
17%
10,1 Mio.Xiamen
14%
7,65 Mio.Ahmedabad
13%
8,45 Mio.Hangzhou
10%
7,80 Mio.Shenyang
7%
8,15 Mio.Shantou
5%

Verteilung der Resultate

Perzentil nach korrekt beantworteten Fragen

Anzahl Personen mit jedem Resultat

Ihre Resultats-Entwicklung

Sie haben dieses Quiz noch nicht gespielt